000
00308nam a2200133Ia 4500
008
191201s2019 xx 000 0 und d
100
_a
SARNGADHARAN, M
245
0
_a
Financial Analysis for Management Decisions
260
_b
PHI
300
_a
354
650
_a
BBA
700
_a
KUMAR, S
942
_2
ddc
_c
BK
999
_c
6951
_d
6951